[Event "Mestre Cipressina op-A 4th"]
[Site "Mestre"]
[Date "2015.11.29"]
[Round "4"]
[White "Balzan, Marco"]
[Black "Pozzobon, Davide"]
[Result "1/2-1/2"]
[WhiteElo "1974"]
[BlackElo "2045"]
[PlyCount "98"]
[EventDate "2015.11.27"]
[EventType "swiss"]
[EventRounds "5"]
[EventCountry "ITA"]
[SourceTitle "EXT 2022"]
[Source "ChessBase"]
[SourceDate "2021.10.06"]
[SourceVersion "1"]
[SourceVersionDate "2021.10.06"]
[SourceQuality "1"]

1. Nf3 Nf6 2. c4 e6 3. g3 d5 4. Bg2 Bd6 5. 0-0 0-0 6. b3 Qe7 7. Bb2 c6 8. Ne5 Nbd7 9. d4 Ne4 10. Qc2 f5 11. f4 Qe8 12. Nd2 Ndf6 13. Nxe4 Nxe4 14. e3 h5 15. Bxe4 fxe4 16. a4 Rf5 17. Ba3 Bc7 18. b4 a6 19. Qb3 b5 20. axb5 axb5 21. cxb5 cxb5 22. Bb2 Rxa1 23. Rxa1 Bxe5 24. dxe5 Rf7 25. Bd4 Qc6 26. Bc5 Bb7 27. Qd1 g6 28. g4 Qe8 29. Kh1 Rh7 30. Qe2 hxg4 31. Qxg4 Kg7 32. Rg1 Qf7 33. Qg5 Bc6 34. Be7 Be8 35. Rc1 Qf5 36. Qg3 Rh3 37. Qf2 Qg4 38. Rg1 Qf3+ 39. Qxf3 Rxf3 40. Bc5 Rf2 41. Rg2 Rf1+ 42. Rg1 Rxg1+ 43. Kxg1 Kh6 44. Be7 Kh5 45. Bg5 Kg4 46. Kg2 Bc6 47. h3+ Kf5 48. Kf2 Bd7 49. Ke2 Be8 1/2-1/2

[Event "Mestre Cipressina op-A 4th"]
[Site "Mestre"]
[Date "2015.11.29"]
[Round "5"]
[White "Scarsella, Lorenzo Luigi"]
[Black "Balzan, Marco"]
[Result "1/2-1/2"]
[WhiteElo "1903"]
[BlackElo "1974"]
[PlyCount "58"]
[EventDate "2015.11.27"]
[EventType "swiss"]
[EventRounds "5"]
[EventCountry "ITA"]
[SourceTitle "EXT 2022"]
[Source "ChessBase"]
[SourceDate "2021.10.06"]
[SourceVersion "1"]
[SourceVersionDate "2021.10.06"]
[SourceQuality "1"]

1. d4 Nf6 2. Nf3 e6 3. Bg5 h6 4. Bh4 Be7 5. e3 b6 6. Bd3 Bb7 7. 0-0 Ne4 8. Bxe7 Qxe7 9. Nbd2 Nxd2 10. Nxd2 Nc6 11. c3 0-0-0 12. b4 f5 13. a4 a5 14. bxa5 Nxa5 15. f3 Qg5 16. Qe2 h5 17. Nc4 f4 18. exf4 Qd5 19. Rfb1 Nxc4 20. Bxc4 Qa5 21. Qd2 Bc6 22. Qe3 Rdf8 23. Bb5 Bb7 24. Bf1 Bc6 25. c4 Rhg8 26. h4 Rf6 27. Rb3 Rgf8 28. g3 Rg6 29. Kh2 Rgf6 1/2-1/2

[Event "Venice Autumn op 22nd"]
[Site "Venice"]
[Date "2015.10.30"]
[Round "1"]
[White "Vianello, Enrico"]
[Black "Balzan, Marco"]
[Result "1-0"]
[WhiteElo "2136"]
[BlackElo "1974"]
[PlyCount "53"]
[EventDate "2015.10.30"]
[EventType "swiss"]
[EventRounds "5"]
[EventCountry "ITA"]
[SourceTitle "CBM 169 Extra"]
[Source "ChessBase"]
[SourceDate "2015.12.18"]
[SourceVersion "1"]
[SourceVersionDate "2015.12.18"]
[SourceQuality "1"]

1. Nf3 Nf6 2. c4 e6 3. g3 b6 4. Bg2 Bb7 5. 0-0 Be7 6. b3 0-0 7. Bb2 c5 8. Nc3 d6 9. e3 Nbd7 10. Qe2 a6 11. Ne1 Qc7 12. f4 Bxg2 13. Nxg2 d5 14. f5 d4 15. Nd1 e5 16. g4 Bd6 17. e4 Qc6 18. d3 b5 19. g5 Ne8 20. Rf3 Be7 21. Bc1 Nd6 22. Rh3 g6 23. Qg4 Rfe8 24. Nf2 Nf8 25. f6 Bd8 26. Qh4 Ba5 27. Qh6 1-0

[Event "Lignano Sabbiadoro op 1st"]
[Site "Lignano Sabbiadoro"]
[Date "2015.08.07"]
[Round "8.12"]
[White "Balzan, Marco"]
[Black "Poliakov, Artem"]
[Result "0-1"]
[WhiteElo "1954"]
[BlackElo "2054"]
[PlyCount "74"]
[EventDate "2015.08.01"]
[EventType "swiss"]
[EventRounds "9"]
[EventCountry "ITA"]
[SourceTitle "EXT 2024"]
[Source "ChessBase"]
[SourceDate "2023.10.10"]
[SourceVersion "1"]
[SourceVersionDate "2023.10.10"]
[SourceQuality "1"]

1. e4 d5 2. exd5 Qxd5 3. Nc3 Qd6 4. Bc4 Nf6 5. d3 a6 6. f3 e5 7. Be3 Nc6 8. Qd2 b6 9. Nge2 Be7 10. 0-0-0 Na5 11. Bb3 Nxb3+ 12. axb3 Be6 13. g4 Nd5 14. Nxd5 Qxd5 15. Rdf1 a5 16. Nc3 Qc6 17. h4 Bb4 18. d4 a4 19. d5 Bxc3 20. dxc6 Bxd2+ 21. Bxd2 axb3 22. Bc3 f6 23. f4 exf4 24. g5 Kf7 25. cxb3 Rhd8 26. b4 Bb3 27. Kb1 Bc4 28. Rd1 Bd3+ 29. Rxd3 Rxd3 30. gxf6 gxf6 31. Kc2 Rg3 32. Rf1 f3 33. Kd3 Re8 34. Bd4 f2+ 35. Kc4 Re4 36. Kd5 Reg4 37. Kc4 Rf3 0-1

[Event "Lignano Sabbiadoro op 1st"]
[Site "Lignano Sabbiadoro"]
[Date "2015.08.03"]
[Round "4.4"]
[White "Balzan, Marco"]
[Black "Solomon, Kenny"]
[Result "0-1"]
[WhiteElo "1954"]
[BlackElo "2380"]
[PlyCount "64"]
[EventDate "2015.08.01"]
[EventType "swiss"]
[EventRounds "9"]
[EventCountry "ITA"]
[SourceTitle "EXT 2024"]
[Source "ChessBase"]
[SourceDate "2023.10.10"]
[SourceVersion "1"]
[SourceVersionDate "2023.10.10"]
[SourceQuality "1"]

1. e4 g6 2. d4 Bg7 3. Nf3 d6 4. Nc3 a6 5. a4 b6 6. Bc4 e6 7. 0-0 Ne7 8. Be3 h6 9. Qd2 Bb7 10. Rad1 Nd7 11. Rfe1 Kf8 12. h3 Kg8 13. Bf4 Kh7 14. Bb3 Rf8 15. Qe3 Qe8 16. Bg3 Rb8 17. Nb1 e5 18. c3 f5 19. dxe5 fxe4 20. Nd4 Nxe5 21. Bxe5 Bxe5 22. Ne6 Nf5 23. Qe2 Rf7 24. Nd2 d5 25. f4 Bd6 26. Nd4 Nxd4 27. cxd4 Rxf4 28. Nf1 Qe7 29. Ne3 Qg5 30. Rf1 Qg3 31. Rxf4 Bxf4 32. Nf1 Qxb3 0-1

[Event "Robecchetto op-A 26th"]
[Site "Robecchetto"]
[Date "2015.07.25"]
[Round "2"]
[White "Imburgia, Giuseppe"]
[Black "Balzan, Marco"]
[Result "1/2-1/2"]
[WhiteElo "1937"]
[BlackElo "1969"]
[PlyCount "126"]
[EventDate "2015.07.24"]
[EventType "swiss"]
[EventRounds "5"]
[EventCountry "ITA"]
[SourceTitle "EXT 2016"]
[Source "ChessBase"]
[SourceDate "2015.10.08"]
[SourceVersion "1"]
[SourceVersionDate "2015.10.08"]
[SourceQuality "1"]

1. d4 Nf6 2. c4 c5 3. Nf3 g6 4. Nc3 cxd4 5. Nxd4 Bg7 6. e3 0-0 7. Be2 d6 8. 0-0 Nc6 9. b3 Bd7 10. Bb2 Rc8 11. Qd2 a6 12. Rfd1 Qb6 13. Rac1 Rfd8 14. Na4 Qa7 15. Nxc6 bxc6 16. c5 Ne4 17. Qc2 Bxb2 18. Qxb2 Be6 19. Nb6 Rb8 20. b4 dxc5 21. Rxd8+ Rxd8 22. bxc5 Rb8 23. Qd4 Nxc5 24. Qxc5 Qxb6 25. Qxe7 Qb2 26. Re1 Bxa2 27. Bxa6 Qb6 28. Be2 c5 29. h4 c4 30. Qe5 Rc8 31. Rc1 Qc5 32. Qc3 Qb5 33. Rc2 Qb3 34. Kf1 Qxc3 35. Rxc3 Kf8 36. Ke1 Ke7 37. Kd2 Kd6 38. Ra3 Bb3 39. Kc3 Rc7 40. Ra5 f6 41. Ra6+ Ke5 42. f4+ Ke4 43. Re6+ Kf5 44. Re8 h5 45. g3 g5 46. hxg5 fxg5 47. Re5+ Kf6 48. Rxg5 Re7 49. Re5 Rxe5 50. fxe5+ Kxe5 51. Bxh5 Ke4 52. g4 Bd1 53. Kd2 Bf3 54. Bg6+ Ke5 55. Bf5 Kf6 56. Kc3 Be2 57. Kd4 Kg5 58. Be6 Kf6 59. Bf5 Kg5 60. e4 Bd3 61. Be6 Kf4 62. e5 Be2 63. Bxc4 Bxg4 1/2-1/2

[Event "ITA-ch U16"]
[Site "Montesilvano"]
[Date "2015.07.02"]
[Round "5"]
[White "Balzan, Marco"]
[Black "Seresin, Francesco"]
[Result "1/2-1/2"]
[WhiteElo "1928"]
[BlackElo "2102"]
[PlyCount "60"]
[EventDate "2015.06.29"]
[EventType "swiss"]
[EventRounds "9"]
[EventCountry "ITA"]
[SourceTitle "EXT 2024"]
[Source "ChessBase"]
[SourceDate "2023.10.10"]
[SourceVersion "1"]
[SourceVersionDate "2023.10.10"]
[SourceQuality "1"]

1. e4 d5 2. exd5 Nf6 3. d4 Nxd5 4. c4 Nb6 5. a4 a5 6. Nc3 e5 7. c5 N6d7 8. dxe5 Bxc5 9. e6 Qe7 10. Be2 Qxe6 11. Nf3 0-0 12. 0-0 Nf6 13. Qc2 Na6 14. Ng5 Nb4 15. Nxe6 Nxc2 16. Nxc7 Nxa1 17. Nxa8 Bf5 18. Nc7 Nb3 19. N7b5 Nxc1 20. Rxc1 Rd8 21. Rd1 Rxd1+ 22. Nxd1 Kf8 23. h3 Ke7 24. Ndc3 Be4 25. Kf1 Bc6 26. Bc4 Ne4 27. Nxe4 Bxe4 28. Nc3 Bc6 29. b3 Bb4 30. Nd5+ Bxd5 1/2-1/2

[Event "ITA-ch U16"]
[Site "Tarvisio"]
[Date "2014.07.03"]
[Round "7"]
[White "Balzan, Marco"]
[Black "Favaloro, Andrea"]
[Result "0-1"]
[WhiteElo "1800"]
[BlackElo "1983"]
[PlyCount "86"]
[EventDate "2014.06.29"]
[EventType "swiss"]
[EventRounds "9"]
[EventCountry "ITA"]
[SourceTitle "EXT 2015"]
[Source "ChessBase"]
[SourceDate "2014.11.20"]
[SourceVersion "1"]
[SourceVersionDate "2014.11.20"]
[SourceQuality "1"]

1. e4 c5 2. Nf3 g6 3. d4 cxd4 4. Nxd4 Nc6 5. Nc3 Bg7 6. Be3 Nf6 7. Bc4 0-0 8. f3 Qb6 9. Bb3 Nxe4 10. fxe4 Bxd4 11. Bxd4 Qxd4 12. Qe2 d6 13. Rd1 Qc5 14. Rd5 Qb6 15. h4 Nd4 16. Qd3 Nxb3 17. cxb3 f5 18. e5 Be6 19. Rb5 Qc6 20. Qe2 d5 21. Rb4 Rad8 22. Rd4 Qc5 23. Qd2 Qc7 24. Kd1 Qxe5 25. Re1 Qf6 26. Qe3 Bf7 27. Qe5 Qxe5 28. Rxe5 e6 29. Ne2 Kg7 30. Ng1 Kf6 31. Nf3 h6 32. Re3 g5 33. hxg5+ hxg5 34. Ne5 Rh8 35. Kd2 Rh2 36. Re2 Bh5 37. Nf3 Bxf3 38. gxf3 Rdh8 39. Rxh2 Rxh2+ 40. Kc3 Rf2 41. Rd3 g4 42. fxg4 fxg4 43. Rg3 Rf3+ 0-1